[Event "Lloyds Bank Masters 05th"]
[Site "London"]
[Date "1981.08.29"]
[Round "5"]
[White "Barua, Dibyendu"]
[Black "Gheorghiu, Florin"]
[Result "0-1"]
[WhiteElo "2350"]
[BlackElo "2560"]
[PlyCount "116"]
[EventDate "1981.08.25"]
[EventType "swiss"]
[EventRounds "9"]
[EventCountry "ENG"]
[SourceTitle "BritBase"]
[Source "John Saunders"]
[SourceDate "2023.12.16"]
[SourceVersion "1"]
[SourceVersionDate "2023.12.16"]
[SourceQuality "1"]

1. e4 c5 2. Nf3 e6 3. d4 cxd4 4. Nxd4 a6 5. c4 Nf6 6. Nc3 d6 7. Be2 Be7 8. Be3
O-O 9. O-O Nbd7 10. Rc1 Re8 11. f4 Bf8 12. Nb3 Qc7 13. g4 h6 14. Qe1 b6 15. Qh4
Bb7 16. Bd3 g6 17. g5 Nh7 18. Qf2 hxg5 19. fxg5 Ne5 20. Be2 Qe7 21. h4 Bg7 22.
Qg3 f6 23. Nd2 fxg5 24. hxg5 Nf7 25. Bxb6 Qxg5 26. Qxg5 Nhxg5 27. Be3 Bh6 28.
Bxg5 Bxg5 29. Rcd1 Be3+ 30. Kg2 Bd4 31. Bd3 Ne5 32. Nf3 Nxf3 33. Rxf3 Rf8 34.
Rxf8+ Rxf8 35. Ne2 Be5 36. b3 a5 37. Rf1 Rxf1 38. Kxf1 Kg7 39. Kf2 Kf6 40. Kf3
Bb2 41. Nf4 g5 42. Nh5+ Ke5 43. Ng7 Bc6 44. Bb1 Bc1 45. Kg4 Bd7 46. Kf3 Kd4 47.
Kg4 Bf4 48. Nh5 e5+ 49. Kf3 g4+ 50. Kg2 Kc3 51. Nf6 Bc6 52. Nd5+ Kb2 53. Bd3
Kxa2 54. b4 Bxd5 55. bxa5 Bc6 56. c5 dxc5 57. Bc4+ Kb2 58. Bd5 Bb5 0-1

[Event "Lloyds Bank Masters 05th"]
[Site "London"]
[Date "1981.08.29"]
[Round "5"]
[White "Botterill, George Steven"]
[Black "Van der Vliet, Fredrik"]
[Result "1-0"]
[WhiteElo "2415"]
[BlackElo "2380"]
[PlyCount "43"]
[EventDate "1981.08.25"]
[EventType "swiss"]
[EventRounds "9"]
[EventCountry "ENG"]
[SourceTitle "BritBase"]
[Source "John Saunders"]
[SourceDate "2023.12.16"]
[SourceVersion "1"]
[SourceVersionDate "2023.12.16"]
[SourceQuality "1"]

1. d4 Nf6 2. c4 e6 3. Nc3 Bb4 4. f3 c5 5. a3 Bxc3+ 6. bxc3 d5 7. cxd5 Nxd5 8.
dxc5 Qa5 9. e4 Nf6 10. Be3 Qxc3+ 11. Kf2 Nc6 12. Ne2 Qe5 13. Nd4 Nxd4 14. Qxd4
Qc7 15. Bb5+ Bd7 16. Bxd7+ Qxd7 17. Rab1 Qxd4 18. Bxd4 O-O-O 19. Rb4 Rd7 20. c6
bxc6 21. Rhb1 Rxd4 22. Rxd4 1-0

[Event "Lloyds Bank Masters 05th"]
[Site "London"]
[Date "1981.08.29"]
[Round "5"]
[White "Formanek, Edward W"]
[Black "Rumens, David E"]
[Result "1-0"]
[WhiteElo "2370"]
[BlackElo "2355"]
[PlyCount "75"]
[EventDate "1981.08.25"]
[EventType "swiss"]
[EventRounds "9"]
[EventCountry "ENG"]
[SourceTitle "BritBase"]
[Source "John Saunders"]
[SourceDate "2023.12.16"]
[SourceVersion "1"]
[SourceVersionDate "2023.12.16"]
[SourceQuality "1"]

1. e4 e5 2. Nf3 Nc6 3. Bb5 a6 4. Ba4 Nf6 5. O-O Be7 6. Re1 b5 7. Bb3 O-O 8. d3
Bb7 9. Nc3 Nd4 10. Nxe5 a5 11. Be3 Nxb3 12. axb3 b4 13. Ne2 d5 14. exd5 Qxd5
15. Nf3 Ng4 16. Nf4 Qd6 17. Bc1 Bf6 18. h3 Ne5 19. Nd2 Qd7 20. Nh5 Qc6 21.
Nxf6+ gxf6 22. f3 Kh8 23. Nc4 Rg8 24. Nxe5 fxe5 25. Kf1 Rg3 26. Re4 f5 27. Rxe5
Rag8 28. Be3 Qd6 29. Rxf5 Rxg2 30. c3 R8g6 31. Bd4+ Kg8 32. Qe1 Rg1+ 33. Bxg1
Qxd3+ 34. Kf2 Qc2+ 35. Qe2 Rg2+ 36. Kxg2 Qxe2+ 37. Bf2 Qxb2 38. Rg1 1-0

[Event "Lloyds Bank Masters 05th"]
[Site "London"]
[Date "1981.08.29"]
[Round "5"]
[White "Iskov, Gert"]
[Black "Seirawan, Yasser"]
[Result "0-1"]
[WhiteElo "2420"]
[BlackElo "2565"]
[PlyCount "106"]
[EventDate "1981.08.25"]
[EventType "swiss"]
[EventRounds "9"]
[EventCountry "ENG"]
[SourceTitle "BritBase"]
[Source "John Saunders"]
[SourceDate "2023.12.16"]
[SourceVersion "1"]
[SourceVersionDate "2023.12.16"]
[SourceQuality "1"]

1. e4 c6 2. c4 d5 3. exd5 cxd5 4. cxd5 Qxd5 5. Nc3 Qd6 6. Nf3 Nf6 7. d4 e6 8.
Bd3 Be7 9. O-O Nc6 10. Qe2 O-O 11. Rd1 Nb4 12. Bb1 b6 13. Ne4 Ba6 14. Nxf6+
Bxf6 15. Qe4 g6 16. a3 Nd5 17. Ne5 Rac8 18. Bh6 Bg7 19. Bxg7 Kxg7 20. h4 Rc7
21. Ba2 Rfc8 22. Bxd5 Qxd5 23. Qf4 Bb7 24. f3 Qd8 25. h5 gxh5 26. Rd2 h6 27.
Re1 Qg5 28. Nd3 Rc2 29. Ree2 Rxd2 30. Qxd2 Qxd2 31. Rxd2 Kf6 32. Kf2 Kf5 33.
Ke3 h4 34. Ne5 Rc7 35. Ng4 h5 36. Nf2 Rc1 37. Ne4 Bd5 38. Nd6+ Kg6 39. Kf4 a6
40. Ne4 f6 41. Nc3 Bc4 42. Nd1 b5 43. Ne3 Re1 44. g4 e5+ 45. dxe5 fxe5+ 46. Ke4
h3 47. gxh5+ Kxh5 48. f4 Kh4 49. Kf3 e4+ 50. Kxe4 Kg3 51. Rd7 Kf2 52. Rd2+ Re2
53. Rxe2+ Bxe2 0-1

[Event "Lloyds Bank Masters 05th"]
[Site "London"]
[Date "1981.08.29"]
[Round "5"]
[White "Jackson, Sheila"]
[Black "Conquest, Stuart C"]
[Result "0-1"]
[WhiteElo "2165"]
[BlackElo "2210"]
[PlyCount "76"]
[EventDate "1981.08.25"]
[EventType "swiss"]
[EventRounds "9"]
[EventCountry "ENG"]
[SourceTitle "BritBase"]
[Source "John Saunders"]
[SourceDate "2023.12.16"]
[SourceVersion "1"]
[SourceVersionDate "2023.12.16"]
[SourceQuality "1"]

1. e4 c5 2. c3 d5 3. exd5 Qxd5 4. d4 Nc6 5. Nf3 e5 6. Nxe5 Nxe5 7. dxe5 Qxe5+
8. Be3 Bd7 9. Nd2 O-O-O 10. Be2 f5 11. Nf3 Qc7 12. Qc1 Bd6 13. O-O f4 14. Bd2
Nf6 15. Ng5 Rhf8 16. Bc4 f3 17. g3 h6 18. Ne6 Bxe6 19. Bxe6+ Kb8 20. Be3 Rde8
21. Bh3 Ne4 22. Rd1 g5 23. Rd5 Bxg3 24. fxg3 Nxg3 25. Qd2 Ne4 26. Qd3 g4 27.
Rd7 Qc6 28. Bxg4 f2+ 29. Bxf2 Nxf2 30. Qg3+ Ka8 31. Qxf2 Rxf2 32. Kxf2 Rf8+ 33.
Kg3 Qf6 34. Rad1 h5 35. Bxh5 Qg5+ 36. Bg4 Qf4+ 37. Kh3 Rh8+ 38. Kg2 Rxh2+ 0-1

[Event "Lloyds Bank Masters 05th"]
[Site "London"]
[Date "1981.08.29"]
[Round "5"]
[White "Kraidman, Yair"]
[Black "Schlenker, Rainer"]
[Result "1-0"]
[WhiteElo "2440"]
[BlackElo "2225"]
[PlyCount "101"]
[EventDate "1981.08.25"]
[EventType "swiss"]
[EventRounds "9"]
[EventCountry "ENG"]
[SourceTitle "BritBase"]
[Source "John Saunders"]
[SourceDate "2023.12.16"]
[SourceVersion "1"]
[SourceVersionDate "2023.12.16"]
[SourceQuality "1"]

1. d4 g6 2. c4 Bg7 3. Nc3 d6 4. e4 Nc6 5. Be3 e5 6. d5 Nce7 7. Qd2 f5 8. f3 Nf6
9. O-O-O O-O 10. Bd3 Kh8 11. Nge2 c5 12. dxc6 bxc6 13. Bc2 fxe4 14. Bxe4 d5 15.
cxd5 cxd5 16. Nxd5 Nexd5 17. Bxd5 Qc7+ 18. Nc3 Nxd5 19. Qxd5 Bf5 20. Qd6 Qb7
21. Qd5 Qc7 22. g4 Rad8 23. Qb5 Rb8 24. Qe2 Be6 25. Qa6 Rxf3 26. Qxa7 Rb7 27.
Qa8+ Rf8 28. Qa4 Rfb8 29. Qc2 Bxg4 30. Rd5 Bf5 31. Qd2 Rxb2 32. Qxb2 Rxb2 33.
Kxb2 Be6 34. Rb5 e4 35. Rc5 Qb6+ 36. Kc2 Bf8 37. Rb1 Qa7 38. Bd4+ Kg8 39. Rd5
Qa6 40. Rd8 Kf7 41. Be3 Be7 42. Rb6 Qf1 43. Rb7 Qg2+ 44. Rd2 Qg4 45. Bc5 e3 46.
Rxe7+ Kf6 47. Re2 Qc4 48. Rc7 Bf5+ 49. Kb2 Qd3 50. Be7+ Ke6 51. Bg5 1-0

[Event "Lloyds Bank Masters 05th"]
[Site "London"]
[Date "1981.08.29"]
[Round "5"]
[White "Ligterink, Gert"]
[Black "Marian, Ralf"]
[Result "1-0"]
[WhiteElo "2450"]
[BlackElo "2250"]
[PlyCount "111"]
[EventDate "1981.08.25"]
[EventType "swiss"]
[EventRounds "9"]
[EventCountry "ENG"]
[SourceTitle "BritBase"]
[Source "John Saunders"]
[SourceDate "2023.12.16"]
[SourceVersion "1"]
[SourceVersionDate "2023.12.16"]
[SourceQuality "1"]

1. d4 d5 2. c4 e6 3. Nf3 c6 4. Qb3 Nd7 5. g3 Nb6 6. Nbd2 Nf6 7. Bg2 Be7 8. O-O
O-O 9. Rd1 c5 10. cxd5 exd5 11. dxc5 Bxc5 12. Qc2 Qe7 13. Nb3 Bd6 14. Nbd4 Bd7
15. b3 Ne4 16. Bb2 Rac8 17. Qd3 Rfe8 18. Rac1 Rxc1 19. Rxc1 Ba3 20. Bxa3 Qxa3
21. Rc2 a6 22. e3 Rc8 23. Ne5 Nc5 24. Qe2 Re8 25. Qh5 Re7 26. Nxd7 Ncxd7 27.
Bxd5 Nf6 28. Qf3 Nfxd5 29. Qxd5 Nxd5 30. Rc8+ Re8 31. Rxe8+ Qf8 32. Rxf8+ Kxf8
33. Kf1 g6 34. a3 Ke7 35. Ke2 f5 36. Kd3 Nf6 37. f3 Kd6 38. b4 b6 39. e4 fxe4+
40. fxe4 Nd7 41. Nf3 h6 42. Kd4 Ke6 43. e5 b5 44. Ke4 Nb6 45. Nd4+ Kd7 46. h4
Nc4 47. h5 gxh5 48. Kf5 Ke8 49. Kf6 Nd2 50. Nf5 Ne4+ 51. Ke6 Ng5+ 52. Kd5 Kd7
53. Nxh6 Ne6 54. Nf5 Nc7+ 55. Ke4 Ne6 56. Nd4 {n.b. Black later played under
the name Ralf Runau} 1-0

[Event "Lloyds Bank Masters 05th"]
[Site "London"]
[Date "1981.08.29"]
[Round "5"]
[White "Marlow, Michael W"]
[Black "Lewis, Andrew P"]
[Result "0-1"]
[WhiteElo "2300"]
[BlackElo "2200"]
[PlyCount "46"]
[EventDate "1981.08.25"]
[EventType "swiss"]
[EventRounds "9"]
[EventCountry "ENG"]
[SourceTitle "BritBase"]
[Source "John Saunders"]
[SourceDate "2023.12.16"]
[SourceVersion "1"]
[SourceVersionDate "2023.12.16"]
[SourceQuality "1"]

1. e4 c5 2. Nf3 Nc6 3. Bb5 g6 4. O-O Bg7 5. c3 Nf6 6. d4 cxd4 7. cxd4 Nxe4 8.
d5 Nd6 9. Na3 Ne5 10. Nxe5 Bxe5 11. Re1 Bg7 12. Bf4 O-O 13. Bxd6 exd6 14. Qe2
a6 15. Bd3 b5 16. Rad1 Bb7 17. Bb1 Re8 18. Qd2 Re5 19. Rxe5 dxe5 20. Nc2 Rc8
21. Ne3 d6 22. a3 Rc5 23. g3 Bh6 0-1

[Event "Lloyds Bank Masters 05th"]
[Site "London"]
[Date "1981.08.29"]
[Round "5"]
[White "Popovych, Orest"]
[Black "Freeman, Michael Joseph"]
[Result "0-1"]
[WhiteElo "2360"]
[BlackElo "2090"]
[PlyCount "74"]
[EventDate "1981.08.25"]
[EventType "swiss"]
[EventRounds "9"]
[EventCountry "ENG"]
[SourceTitle "BritBase"]
[Source "John Saunders"]
[SourceDate "2023.12.16"]
[SourceVersion "1"]
[SourceVersionDate "2023.12.16"]
[SourceQuality "1"]

1. e4 c6 2. d4 d5 3. exd5 cxd5 4. c4 Nf6 5. Nc3 g6 6. cxd5 Nxd5 7. Qb3 Nb6 8.
Bb5+ Bd7 9. a4 Bg7 10. Nf3 O-O 11. Bxd7 N8xd7 12. a5 Nc8 13. Qxb7 Nd6 14. Qa6
Nb8 15. Qd3 Nc6 16. Bf4 Nxa5 17. Bxd6 exd6 18. O-O Nc6 19. d5 Nb4 20. Qe4 Qb6
21. Rfd1 Rfe8 22. Qh4 Nc2 23. Rac1 Qxb2 24. Ne4 Nd4 25. Nxd4 Bxd4 26. Nxd6 Bf6
27. Qh3 Red8 28. Nxf7 Rxd5 29. Nh6+ Kh8 30. Rc8+ Rxc8 31. Qxc8+ Bd8 32. Re1 Kg7
33. Qe6 Qd2 34. Nf7 Rf5 35. Re2 Qd1+ 36. Re1 Qd4 37. Qa2 Rxf7 {Source:
chessgames.com} 0-1

[Event "Lloyds Bank Masters 05th"]
[Site "London"]
[Date "1981.08.29"]
[Round "5"]
[White "Smyslov, Vassily V"]
[Black "Fernandez Garcia, Jose Luis"]
[Result "1/2-1/2"]
[WhiteElo "2580"]
[BlackElo "2420"]
[PlyCount "46"]
[EventDate "1981.08.25"]
[EventType "swiss"]
[EventRounds "9"]
[EventCountry "ENG"]
[SourceTitle "BritBase"]
[Source "John Saunders"]
[SourceDate "2023.12.16"]
[SourceVersion "1"]
[SourceVersionDate "2023.12.16"]
[SourceQuality "1"]

1. g3 d5 2. Nf3 Nf6 3. Bg2 c5 4. O-O Nc6 5. d4 e6 6. b3 Be7 7. Bb2 O-O 8. Nbd2
b6 9. dxc5 bxc5 10. c4 Rb8 11. Ne5 Nxe5 12. Bxe5 Rb6 13. cxd5 exd5 14. Rc1 Re8
15. Bxf6 Rxf6 16. e4 dxe4 17. Nxe4 Ra6 18. Qxd8 Rxd8 19. a4 Be6 20. Nxc5 Bxc5
21. Rxc5 Bxb3 22. a5 g6 23. Rb1 Be6 1/2-1/2

[Event "Lloyds Bank Masters 05th"]
[Site "London"]
[Date "1981.08.29"]
[Round "5"]
[White "Van der Sterren, Paul"]
[Black "Hebden, Mark L"]
[Result "1-0"]
[WhiteElo "2420"]
[BlackElo "2315"]
[PlyCount "135"]
[EventDate "1981.08.25"]
[EventType "swiss"]
[EventRounds "9"]
[EventCountry "ENG"]
[SourceTitle "BritBase"]
[Source "John Saunders"]
[SourceDate "2023.12.16"]
[SourceVersion "1"]
[SourceVersionDate "2023.12.16"]
[SourceQuality "1"]

1. e4 e5 2. Nf3 Nc6 3. Bb5 a6 4. Ba4 Nf6 5. O-O Be7 6. Re1 b5 7. Bb3 O-O 8. d4
({Move order} 8. c3 d6 9. d4 {given on Mega Database 2022}) 8... d6 9. c3 Bg4
10. d5 Na5 11. Bc2 c6 12. h3 Bc8 13. dxc6 Qc7 14. Nbd2 Qxc6 15. Nf1 Nc4 16. a4
Re8 17. Qe2 Bd7 18. Ng3 g6 19. Ra2 Bf8 20. b3 Nb6 21. a5 Nc8 22. Bg5 Bg7 23. c4
bxc4 24. bxc4 Be6 25. Nd2 Nd7 26. Rc1 Qc7 27. Ba4 Na7 28. Nb1 Rec8 29. Qd2 Nc6
30. Nc3 Nxa5 31. Bxd7 Nxc4 32. Bxc8 Nxd2 33. Bxe6 fxe6 34. Bxd2 Qc4 35. Rcc2
Rc8 36. Nf1 Qd3 37. Rc1 d5 38. Ra3 Rb8 39. Rca1 Bf8 40. Rxa6 Bb4 41. Nb1 Bc5
42. Nc3 Rf8 43. Nd1 Qxe4 44. Rxe6 Qf5 45. Rea6 Bxf2+ 46. Nxf2 Qxf2+ 47. Kh2 Kg7
48. Be3 Qh4 49. Bc5 Rf7 50. Ng3 h5 51. Re6 Qg5 52. Bd6 e4 53. Be5+ Kh6 54. Ra8
h4 55. Ne2 Qd2 56. Rg8 Qxe2 57. Rexg6+ Kh7 58. Rg4 Qxg4 59. Rxg4 Rf1 60. Rxh4+
Kg6 61. Rf4 Rd1 62. Kg3 {The game score given here previously ended at this
point, because of the bulletin's score error on the next turn. Mega Database
2022 has interpreted Black's 62nd move and continued the score.} Rd2 {('Bd7'
bulletin)} 63. Rf6+ Kh7 64. Bf4 Rd3+ 65. Kf2 Ra3 66. Rd6 Ra2+ 67. Kf1 Ra1+ 68.
Ke2 {Source: bulletin (with a score correction applied to Black's move 62)} 1-0

[Event "Lloyds Bank Masters 05th"]
[Site "London"]
[Date "1981.08.29"]
[Round "5"]
[White "Walden, Philip L"]
[Black "Miles, Anthony John"]
[Result "0-1"]
[WhiteElo "2080"]
[BlackElo "2565"]
[PlyCount "48"]
[EventDate "1981.08.25"]
[EventType "swiss"]
[EventRounds "9"]
[EventCountry "ENG"]
[SourceTitle "BritBase"]
[Source "John Saunders"]
[SourceDate "2023.12.16"]
[SourceVersion "1"]
[SourceVersionDate "2023.12.16"]
[SourceQuality "1"]

1. d4 Nf6 2. c4 e6 3. Nf3 b6 4. g3 Ba6 5. Nbd2 Bb4 6. Qa4 c5 7. a3 Bxd2+ 8.
Bxd2 cxd4 9. Nxd4 Bb7 10. f3 O-O 11. Rd1 Na6 12. Bg2 d5 13. cxd5 Nxd5 14. O-O
Qf6 15. Bc1 Rfd8 16. e4 Ne7 17. Ne2 Nc5 18. Qc2 Ba6 19. Rxd8+ Rxd8 20. Rd1 Nc6
21. b4 Rxd1+ 22. Qxd1 Nd3 23. Be3 Qb2 24. Nc1 Qxa3 0-1

[Event "Lloyds Bank Masters 05th"]
[Site "London"]
[Date "1981.08.29"]
[Round "5"]
[White "Watson, William Nicholas"]
[Black "Tisdall, Jonathan D"]
[Result "0-1"]
[WhiteElo "2340"]
[BlackElo "2415"]
[PlyCount "74"]
[EventDate "1981.08.25"]
[EventType "swiss"]
[EventRounds "9"]
[EventCountry "ENG"]
[SourceTitle "BritBase"]
[Source "John Saunders"]
[SourceDate "2023.12.16"]
[SourceVersion "1"]
[SourceVersionDate "2023.12.16"]
[SourceQuality "1"]

1. e4 c5 2. f4 e6 3. Nf3 a6 4. Be2 Nc6 5. O-O d5 6. d3 Nf6 7. e5 Nd7 8. Be3 Be7
9. c3 Nb6 10. Bf2 Bd7 11. Nbd2 Qc7 12. Kh1 O-O 13. Rc1 a5 14. g4 f5 15. gxf5
Rxf5 16. Be3 d4 17. cxd4 Nd5 18. Bf2 Nxf4 19. Ne4 Nxe2 20. Qxe2 Raf8 21. Bg3
Be8 22. Qg2 Qd7 23. Nd6 Bxd6 24. exd6 Qf7 25. Nd2 Nxd4 26. Rxf5 Qxf5 27. Ne4
Bc6 28. Bh4 g6 29. Be7 Rf7 30. h4 Qf4 31. Re1 Rxe7 32. dxe7 Qxh4+ 33. Kg1 Qxe1+
34. Kh2 Qh4+ 35. Kg1 Qxe7 36. Qf2 Kg7 37. Ng3 Qg5 0-1

[Event "Lloyds Bank Masters 05th"]
[Site "London"]
[Date "1981.08.30"]
[Round "6"]
[White "Chandler, Murray G"]
[Black "Kraidman, Yair"]
[Result "0-1"]
[WhiteElo "2530"]
[BlackElo "2440"]
[PlyCount "94"]
[EventDate "1981.08.25"]
[EventType "swiss"]
[EventRounds "9"]
[EventCountry "ENG"]
[SourceTitle "BritBase"]
[Source "John Saunders"]
[SourceDate "2023.12.16"]
[SourceVersion "1"]
[SourceVersionDate "2023.12.16"]
[SourceQuality "1"]

1. d4 Nf6 2. c4 c5 3. d5 g6 4. Nc3 d6 5. e4 Bg7 6. f3 O-O 7. Bg5 h6 8. Be3 Qa5
9. Qd2 Kh7 10. Nge2 a6 11. Nc1 Nbd7 12. a4 Ne5 13. Ra3 Qc7 14. Be2 e6 15. O-O
exd5 16. cxd5 Bd7 17. N1a2 Rfb8 18. b3 Qa5 19. Rb1 b5 20. b4 cxb4 21. Rxb4 bxa4
22. Nxa4 Bb5 23. Qc1 Qd8 24. N4c3 Bxe2 25. Rxb8 Qxb8 26. Nxe2 Qb7 27. Rc3 a5
28. Nd4 Qa6 29. Qf1 Nfd7 30. Qxa6 Rxa6 31. Nb5 a4 32. Rc7 g5 33. Kf1 Bf8 34.
Ke2 Ra5 35. Na3 Ra8 36. Nc3 Bg7 37. Kd2 Rb8 38. Ncb5 Nb6 39. Nxd6 Bf8 40. Ndb5
Bxa3 41. Nxa3 Nbd7 42. Bd4 Rb3 43. Rc3 Rxa3 44. Bxe5 Ra2+ 45. Ke3 Nxe5 46. g3
a3 47. f4 Ng4+ 0-1

[Event "Lloyds Bank Masters 05th"]
[Site "London"]
[Date "1981.08.30"]
[Round "6"]
[White "Fernandez Garcia, Jose Luis"]
[Black "Cox, John J"]
[Result "0-1"]
[WhiteElo "2420"]
[BlackElo "2275"]
[PlyCount "75"]
[EventDate "1981.08.25"]
[EventType "swiss"]
[EventRounds "9"]
[EventCountry "ENG"]
[SourceTitle "BritBase"]
[Source "John Saunders"]
[SourceDate "2023.12.16"]
[SourceVersion "1"]
[SourceVersionDate "2023.12.16"]
[SourceQuality "1"]

1. e4 e6 2. d4 d5 3. Nd2 c5 4. Ngf3 cxd4 5. exd5 Qxd5 6. Bc4 Qd6 7. O-O Nf6 8.
Nb3 Be7 9. Nbxd4 a6 10. Qe2 b5 11. Bb3 Nc6 12. Rd1 Nxd4 13. Nxd4 Qc7 14. c4 b4
15. Qf3 O-O 16. Bf4 Qb6 17. Qc6 Qa7 18. Qf3 Bc5 19. Be5 Nd7 20. Nc6 Qb6 21. Bd6
Bb7 22. Ba4 Rfe8 23. Bg3 Nb8 24. Bxb8 Raxb8 25. Rd7 Rf8 26. Rad1 Ba8 27. R1d3
Rbc8 28. R3d6 Bxd6 29. Rxd6 Bxc6 30. Rxc6 Rxc6 31. Bxc6 Qd4 32. Be4 Rd8 33. h3
Qd1+ 34. Qxd1 Rxd1+ 35. Kh2 Rd2 36. c5 Kf8 37. Bb7 Ke7 38. a3 0-1

[Event "Lloyds Bank Masters 05th"]
[Site "London"]
[Date "1981.08.30"]
[Round "6"]
[White "Ginsburg, Mark"]
[Black "Duhayon, Yves"]
[Result "1-0"]
[WhiteElo "2335"]
[BlackElo "2000"]
[PlyCount "51"]
[EventDate "1981.08.25"]
[EventType "swiss"]
[EventRounds "9"]
[EventCountry "ENG"]
[SourceTitle "BritBase"]
[Source "John Saunders"]
[SourceDate "2023.12.16"]
[SourceVersion "1"]
[SourceVersionDate "2023.12.16"]
[SourceQuality "1"]

1. c4 e6 2. Nf3 c5 3. Nc3 b6 4. e4 Bb7 5. d4 cxd4 6. Nxd4 Bb4 7. Ndb5 Nf6 8.
Nd6+ Bxd6 9. Qxd6 Bxe4 10. Nb5 Na6 11. Qa3 Nc5 12. Nd6+ Ke7 13. Nxe4 Nfxe4 14.
b4 Nb7 15. Qf3 d5 16. Bd3 Qd6 17. O-O Qxb4 18. cxd5 exd5 19. Bxe4 dxe4 20. Qg3
Qd6 21. Qxg7 Rag8 22. Bg5+ Ke8 23. Qf6 h6 24. Rfd1 Qxf6 25. Bxf6 Rh7 26. Rac1
1-0

[Event "Lloyds Bank Masters 05th"]
[Site "London"]
[Date "1981.08.30"]
[Round "6"]
[White "Hawksworth, John C"]
[Black "Arnason, Jon L"]
[Result "0-1"]
[WhiteElo "2220"]
[BlackElo "2440"]
[PlyCount "80"]
[EventDate "1981.08.25"]
[EventType "swiss"]
[EventRounds "9"]
[EventCountry "ENG"]
[SourceTitle "BritBase"]
[Source "John Saunders"]
[SourceDate "2023.12.16"]
[SourceVersion "1"]
[SourceVersionDate "2023.12.16"]
[SourceQuality "1"]

1. d4 Nf6 2. c4 c5 3. d5 e6 4. Nc3 exd5 5. cxd5 d6 6. e4 g6 7. Nf3 a6 8. a4 Bg4
9. Be2 Bxf3 10. Bxf3 Nbd7 11. O-O Bg7 12. Bf4 Qb8 13. Qd2 O-O 14. Be2 Re8 15.
Bd3 c4 16. Bc2 Qc7 17. Rfe1 Rab8 18. a5 b5 19. axb6 Rxb6 ({My copy of the
bulletin has} 19... Nxb6 {printed, but overwritten by the move as in the score}
) 20. Na4 Rb7 21. f3 Rxb2 22. Nxb2 c3 23. Qf2 cxb2 24. Rxa6 Nxd5 25. Bxd6 Qc3
26. Ra3 Qc6 27. Rd3 Nc3 28. e5 Nxe5 ({Score previously given here as} 28...
Rxe5 {(the bulletin has this move)} 29. Bxe5 Bxe5 30. f4 Bf6 31. Re8+ {
remaining moves unintelligible, but the score has been successfully restored
on Mega Database 2022}) 29. Bxe5 Bxe5 30. f4 Bf6 31. Rxe8+ Qxe8 32. Qf1 Kg7 33.
h3 Qe6 34. Kh1 Qa2 35. Rxc3 Bxc3 36. Qb1 Qc4 37. f5 Qf4 38. fxg6 Be5 39. Qg1
Qc1 40. Bd3 Bd4 0-1

[Event "Lloyds Bank Masters 05th"]
[Site "London"]
[Date "1981.08.30"]
[Round "6"]
[White "Hebden, Mark L"]
[Black "De Boer, Gert Jan"]
[Result "1-0"]
[WhiteElo "2315"]
[BlackElo "2265"]
[PlyCount "77"]
[EventDate "1981.08.25"]
[EventType "swiss"]
[EventRounds "9"]
[EventCountry "ENG"]
[SourceTitle "BritBase"]
[Source "John Saunders"]
[SourceDate "2023.12.16"]
[SourceVersion "1"]
[SourceVersionDate "2023.12.16"]
[SourceQuality "1"]

1. e4 c5 2. f4 e6 3. Nf3 a6 4. Nc3 Nc6 5. d3 d6 6. g3 g6 7. Bg2 Bg7 8. O-O Nge7
9. Be3 Nd4 10. Qd2 b5 11. e5 dxe5 12. Nxd4 exd4 13. Bxa8 dxe3 14. Qe1 O-O 15.
Bg2 Nf5 16. Nd1 e5 17. fxe5 Bxe5 18. Be4 Nd6 19. c3 Nxe4 20. dxe4 Bh3 21. Rf3
e2 22. Nf2 Bf1 23. Ng4 Bb8 24. Ne3 Qd3 25. Kf2 Qxe4 26. Nxf1 exf1=Q+ 27. Qxf1
c4 28. Qe2 Ba7+ 29. Kf1 Qc6 30. Re1 Rd8 31. Qe4 Qc5 32. Kg2 Rd2+ 33. Kh1 f5 34.
Qe8+ Kg7 35. Qe7+ Kg8 36. Qb7 Re2 37. Rff1 Qe3 38. Rxe2 Qxe2 39. Qa8+ 1-0

[Event "Lloyds Bank Masters 05th"]
[Site "London"]
[Date "1981.08.30"]
[Round "6"]
[White "Keene, Raymond Dennis"]
[Black "Van der Sterren, Paul"]
[Result "1/2-1/2"]
[WhiteElo "2475"]
[BlackElo "2420"]
[PlyCount "88"]
[EventDate "1981.08.25"]
[EventType "swiss"]
[EventRounds "9"]
[EventCountry "ENG"]
[SourceTitle "BritBase"]
[Source "John Saunders"]
[SourceDate "2023.12.16"]
[SourceVersion "1"]
[SourceVersionDate "2023.12.16"]
[SourceQuality "1"]

1. d4 Nf6 2. c4 e6 3. Nc3 Bb4 4. e3 b6 5. Nge2 Ba6 6. Ng3 Bxc3+ 7. bxc3 d5 8.
Qf3 O-O 9. cxd5 exd5 10. Bxa6 Nxa6 11. Qe2 Nb8 12. O-O Re8 13. f3 c5 14. Bb2
Nc6 15. Rad1 h5 16. Qf2 cxd4 17. cxd4 Qd7 18. h3 Rac8 19. a3 Na5 20. Rde1 Nc4
21. Re2 Nxb2 22. Rxb2 Rc3 23. Re2 h4 24. Nh1 Rxa3 25. Rfe1 b5 26. Qxh4 b4 27.
Ng3 b3 28. Qf4 Ra6 29. Nf5 g6 30. e4 dxe4 31. fxe4 Rb6 32. Nh6+ Kg7 33. d5 b2
34. Rb1 Nxd5 35. Qg5 Nc3 36. Nf5+ Kg8 37. Nh6+ Kg7 38. Nf5+ Kg8 39. Nh6+ Kh7
40. Rf2 Nxb1 41. Nxf7 Kg8 42. Nh6+ Kh7 43. Nf7 Kg8 44. Nh6+ Kh7 1/2-1/2

[Event "Lloyds Bank Masters 05th"]
[Site "London"]
[Date "1981.08.30"]
[Round "6"]
[White "Kosten, Anthony C"]
[Black "Iskov, Gert"]
[Result "1-0"]
[WhiteElo "2315"]
[BlackElo "2420"]
[PlyCount "69"]
[EventDate "1981.08.25"]
[EventType "swiss"]
[EventRounds "9"]
[EventCountry "ENG"]
[SourceTitle "BritBase"]
[Source "John Saunders"]
[SourceDate "2023.12.16"]
[SourceVersion "1"]
[SourceVersionDate "2023.12.16"]
[SourceQuality "1"]

1. e4 c5 2. Nf3 e6 3. b3 Nc6 4. Bb5 Qb6 5. a4 a6 6. Bxc6 Qxc6 7. Qe2 Be7 8. Bb2
Nf6 9. Nc3 b6 10. O-O Bb7 11. Rfe1 O-O 12. d4 cxd4 13. Nxd4 Qc7 14. e5 Nd5 15.
Nxd5 Bxd5 16. c4 Bb7 17. Qh5 f6 18. Rad1 Rf7 19. Rd3 fxe5 20. Rxe5 g6 21. Rg3
Rg7 22. Nf5 Bf6 23. Nxg7 Bxg7 24. Qe2 Bxe5 25. Bxe5 d6 26. Bb2 e5 27. h4 Rf8
28. Qd2 Qc5 29. b4 Qxc4 30. Qxd6 Qc2 31. Qxe5 Qxf2+ 32. Kh2 Kf7 33. Qc7+ Ke6
34. Qxb7 Qxb2 35. Re3+ 1-0